[Event "GER-ch Seniors 65 31st"]
[Site "Radebeul"]
[Date "2019.05.02"]
[Round "7"]
[White "Hellwege, Werner"]
[Black "Wawrinsky, Ludwig"]
[Result "0-1"]
[WhiteElo "1845"]
[BlackElo "1676"]
[PlyCount "52"]
[EventDate "2019.04.26"]
[EventType "swiss"]
[EventRounds "9"]
[EventCountry "GER"]
[SourceTitle "CBM 190 Extra"]
[Source "ChessBase"]
[SourceDate "2019.07.15"]
[SourceVersion "1"]
[SourceVersionDate "2019.07.15"]
[SourceQuality "1"]

1. d4 Nf6 2. Nf3 e6 3. g3 b6 4. Bg2 Bb7 5. 0-0 h6 6. c4 a5 7. a3 c5 8. d5 exd5 9. Nh4 Qc8 10. cxd5 d6 11. Nc3 Be7 12. e4 0-0 13. Nf5 Re8 14. Bf4 Qd7 15. Bh3 Qd8 16. Re1 Bf8 17. g4 Bc8 18. f3 Bxf5 19. exf5 Nbd7 20. Bg3 Rxe1+ 21. Bxe1 Qe7 22. Bf2 Re8 23. Qd2 Ne5 24. Re1 Nxf3+ 25. Kh1 Nxd2 26. Rxe7 Rxe7 0-1

[Event "Schleswig Holstein-ch Seniors op 11th"]
[Site "Buesum"]
[Date "2017.09.11"]
[Round "4"]
[White "Dachrodt, Heinz Guenther"]
[Black "Hellwege, Werner"]
[Result "0-1"]
[WhiteElo "1734"]
[BlackElo "1929"]
[PlyCount "98"]
[EventDate "2017.09.08"]
[EventType "swiss"]
[EventRounds "9"]
[EventCountry "GER"]
[SourceTitle "EXT 2019"]
[Source "ChessBase"]
[SourceDate "2018.10.10"]
[SourceVersion "1"]
[SourceVersionDate "2018.10.10"]
[SourceQuality "1"]

1. e4 c5 2. Nf3 d6 3. Bb5+ Nd7 4. 0-0 a6 5. Bxd7+ Bxd7 6. d4 cxd4 7. Nxd4 Nf6 8. Re1 g6 9. Nf3 Bg7 10. e5 dxe5 11. Nxe5 Bf5 12. Qxd8+ Rxd8 13. c3 Nd5 14. Nf3 0-0 15. Be3 Nxe3 16. Rxe3 Rfe8 17. Nbd2 Bh6 18. Re2 Bd3 19. Ree1 f5 20. Nb3 Bg7 21. Nc5 e5 22. Nxb7 Rd5 23. b4 e4 24. Nd4 Bxd4 25. cxd4 Rxd4 26. Nc5 Kf7 27. Nxd3 Rxd3 28. Red1 Red8 29. Rxd3 Rxd3 30. a4 Rb3 31. b5 axb5 32. axb5 Rxb5 33. g3 Kf6 34. h4 Rb6 35. Kg2 h6 36. Re1 Rb2 37. Kf1 g5 38. hxg5+ hxg5 39. Re2 Rxe2 40. Kxe2 f4 41. gxf4 gxf4 42. Kf1 Kf5 43. Ke2 Kg5 44. Kf1 Kg4 45. Kg2 Kh4 46. Kg1 Kh3 47. Kh1 e3 48. fxe3 fxe3 49. Kg1 Kg3 0-1

[Event "MVP-ch Seniors op 16th"]
[Site "Binz"]
[Date "2016.11.30"]
[Round "8.36"]
[White "Hellwege, Werner"]
[Black "Pamperin, Gerhard"]
[Result "1/2-1/2"]
[WhiteElo "1885"]
[BlackElo "1972"]
[PlyCount "33"]
[EventDate "2016.11.23"]
[EventType "swiss"]
[EventRounds "9"]
[EventCountry "GER"]
[SourceTitle "EXT 2018"]
[Source "ChessBase"]
[SourceDate "2017.10.13"]
[SourceVersion "1"]
[SourceVersionDate "2017.10.13"]
[SourceQuality "1"]

1. d4 d5 2. c4 c6 3. Nf3 Nf6 4. e3 Bf5 5. Nc3 e6 6. Be2 h6 7. Ne5 Nbd7 8. f4 Bb4 9. 0-0 Bxc3 10. bxc3 0-0 11. cxd5 cxd5 12. Ba3 Re8 13. c4 Nxe5 14. fxe5 Ne4 15. Rc1 Qg5 16. Rf4 Rac8 17. c5 1/2-1/2

[Event "MVP-ch Seniors op 16th"]
[Site "Binz"]
[Date "2016.11.25"]
[Round "3.31"]
[White "Meyer, Irmin"]
[Black "Hellwege, Werner"]
[Result "1-0"]
[WhiteElo "1987"]
[BlackElo "1885"]
[PlyCount "121"]
[EventDate "2016.11.23"]
[EventType "swiss"]
[EventRounds "9"]
[EventCountry "GER"]
[SourceTitle "EXT 2018"]
[Source "ChessBase"]
[SourceDate "2017.10.13"]
[SourceVersion "1"]
[SourceVersionDate "2017.10.13"]
[SourceQuality "1"]

1. e4 c5 2. c3 d5 3. exd5 Qxd5 4. d4 Nf6 5. Nf3 e6 6. Be2 Nc6 7. 0-0 Be7 8. Be3 Ng4 9. Bf4 0-0 10. h3 Nf6 11. Be3 cxd4 12. cxd4 Rd8 13. Nc3 Qa5 14. a3 Nd5 15. Rc1 Nxe3 16. fxe3 Bf6 17. Ne4 Be7 18. Qd3 h6 19. b4 Qd5 20. b5 Na5 21. Ne5 Rf8 22. Bf3 Qb3 23. Rc3 Qa2 24. Rf2 Qa1+ 25. Kh2 f5 26. Nd2 Qe1 27. Rf1 Qh4 28. Ng6 Bd6+ 29. Kg1 Qg5 30. Nxf8 Bxf8 31. Rfc1 Bd7 32. Nf1 Rd8 33. Qe2 Bd6 34. Qd3 Kh8 35. Bd1 Rf8 36. R1c2 Rf6 37. Rf2 Rg6 38. Kh1 Qh4 39. Rcc2 Rf6 40. a4 g5 41. Kg1 Kg7 42. Qe2 Be8 43. Qf3 h5 44. g3 Qxh3 45. Rh2 Qg4 46. Qxg4 hxg4 47. Rc8 Bg6 48. Ra8 f4 49. Rxa7 fxg3 50. Ra2 Bd3 51. Be2 Bxe2 52. Rxe2 Nc4 53. Rxb7+ Kg6 54. Rc2 Rxf1+ 55. Kxf1 Nxe3+ 56. Kg1 Nxc2 57. a5 Ne3 58. a6 g2 59. a7 Bg3 60. a8Q Be1 61. Qf8 1-0

[Event "Schleswig Holstein-ch Seniors op 10th"]
[Site "Buesum"]
[Date "2016.10.03"]
[Round "8"]
[White "Schulz, Gerhard1111"]
[Black "Hellwege, Werner"]
[Result "1-0"]
[WhiteElo "1811"]
[BlackElo "1874"]
[PlyCount "49"]
[EventDate "2016.09.26"]
[EventType "swiss"]
[EventRounds "9"]
[EventCountry "GER"]
[SourceTitle "EXT 2019"]
[Source "ChessBase"]
[SourceDate "2018.10.10"]
[SourceVersion "1"]
[SourceVersionDate "2018.10.10"]
[SourceQuality "1"]

1. d4 Nf6 2. Nf3 g6 3. Nc3 Bg7 4. e4 d6 5. Bg5 h6 6. Bh4 0-0 7. Bd3 Nbd7 8. e5 dxe5 9. dxe5 Nh7 10. e6 fxe6 11. Bxg6 Nhf6 12. Qe2 Nb6 13. Rd1 Nbd5 14. Qd2 c6 15. 0-0 Qb6 16. Nxd5 exd5 17. c3 e6 18. Rfe1 c5 19. Ne5 Qd6 20. Bg3 Qe7 21. Bf4 Ne4 22. Bxe4 dxe4 23. Ng6 Qf6 24. Nxf8 Qxf8 25. Rxe4 1-0

[Event "WchT Seniors 65"]
[Site "Radebeul"]
[Date "2016.07.03"]
[Round "8.23"]
[White "Phillips, William"]
[Black "Hellwege, Werner"]
[Result "1/2-1/2"]
[WhiteElo "1852"]
[BlackElo "1895"]
[PlyCount "92"]
[EventDate "2016.06.26"]
[EventType "team-swiss"]
[EventRounds "9"]
[EventCountry "GER"]
[SourceTitle "CBM 173 Extra"]
[Source "ChessBase"]
[SourceDate "2016.08.29"]
[SourceVersion "1"]
[SourceVersionDate "2016.08.29"]
[SourceQuality "1"]
[WhiteTeam "England III"]
[BlackTeam "Niedersachsen Freibauer"]
[WhiteTeamCountry "ENG"]
[BlackTeamCountry "GER"]

1. d4 d5 2. Nf3 Nf6 3. c4 e6 4. Nc3 Be7 5. Bg5 h6 6. Bh4 0-0 7. e3 a6 8. Rc1 Nbd7 9. Bd3 dxc4 10. Bxc4 c5 11. 0-0 b5 12. Bd3 Bb7 13. a4 cxd4 14. Nxd4 b4 15. Nce2 Rc8 16. Rxc8 Qxc8 17. Qb1 Ne5 18. f3 Nxd3 19. Qxd3 Qd7 20. b3 e5 21. Qf5 Qd6 22. Bg3 Nd7 23. Qh3 Bg5 24. f4 exf4 25. Bxf4 Bxf4 26. exf4 Nf6 27. Rc1 Re8 28. Qd3 Qd5 29. Qf3 Ne4 30. Rc7 Ba8 31. Rc2 Qd6 32. Qe3 Kf8 33. Qd3 Bd5 34. Qh3 Nc3 35. Nxc3 bxc3 36. Qxc3 Bxb3 37. Nxb3 Qd1+ 38. Kf2 Kg8 39. Qd2 Qh1 40. h3 Qb1 41. Rb2 Qe4 42. g3 Qxa4 43. Nc5 Qc6 44. Nd3 Qh1 45. h4 Qh2+ 46. Kf3 Qh1+ 1/2-1/2

[Event "WchT Seniors 65"]
[Site "Radebeul"]
[Date "2016.06.29"]
[Round "4.3"]
[White "Henrichsen, Erland"]
[Black "Hellwege, Werner"]
[Result "1-0"]
[WhiteElo "1943"]
[BlackElo "1895"]
[PlyCount "63"]
[EventDate "2016.06.26"]
[EventType "team-swiss"]
[EventRounds "9"]
[EventCountry "GER"]
[SourceTitle "CBM 173 Extra"]
[Source "ChessBase"]
[SourceDate "2016.08.29"]
[SourceVersion "1"]
[SourceVersionDate "2016.08.29"]
[SourceQuality "1"]
[WhiteTeam "Norway Veteran"]
[BlackTeam "Niedersachsen Freibauer"]
[WhiteTeamCountry "NOR"]
[BlackTeamCountry "GER"]

1. d4 d5 2. Nf3 e6 3. c4 Be7 4. g3 Nf6 5. Bg2 0-0 6. 0-0 Nbd7 7. cxd5 exd5 8. Bf4 Ne4 9. Nc3 Ndf6 10. Qb3 c6 11. Rad1 Nh5 12. Be3 f5 13. Ne5 Nxc3 14. bxc3 f4 15. Bc1 g5 16. c4 dxc4 17. Qxc4+ Kg7 18. d5 Qd6 19. Bb2 Bf6 20. dxc6 Qe7 21. cxb7 Bxb7 22. Bxb7 Bxe5 23. Bxe5+ Qxe5 24. Bxa8 Rxa8 25. Rd7+ Kh8 26. Qf7 Ng7 27. Rxa7 Rg8 28. Re7 Qd4 29. e3 Qd3 30. exf4 g4 31. Qf6 Qb5 32. Rd1 1-0